01022 a2200181 45000010006000000050017000060080041000230030015000640400040000790800073001192450049001922500011002412640057002523000019003095050460003281000027007887000025008152641220260407155544.0260407a1984 arg spa dAR-UNSa-BCEJYS aAR-UNSa-BCEJYSbspacAR-UNSa-BCEJYS a657.3xPresupuestos. Cierre de Cuentas. Balances (Estados Contables)10aEstados contables de sociedades por acciones a6a. ed 1aBuenos Aires :bEdiciones Contabilidad Modernac1984 a242 p.c22 cm. a1. Los estados contables - 2. Normas contables profesionales - 3. Normas contables legales e institucionales - 4. El balance general - 5. El estado de resultado - 6. Los estados de resultados acumulados y de evolución del patrimonio neto - 7. El estado de origen y aplicación de fondos - 8. Notas y anexos - 9. Información para la bolsa de comercio de Buenos Aires - 10. Ejemplo de aplicación - Apéndice normas contables profesionales y legales.1 aFowler Newton, Enrique1 aFortini, Hernando L.